Normal view
MARC view
- Psychiatry
Entry Topical Term
001 - CONTROL NUMBER
- control field: 114145
003 - CONTROL NUMBER IDENTIFIER
- control field: NUST
005 - DATE AND TIME OF LATEST TRANSACTION
- control field: 20230816135632.0
008 - FIXED-LENGTH DATA ELEMENTS
- fixed length control field: 230816|| aca||aabn | a|a d
040 ## - CATALOGING SOURCE
- Original cataloging agency: NUST
- Transcribing agency: NUST
150 ## - HEADING--TOPICAL TERM
- Topical term or geographic name entry element: Psychiatry
670 ## - SOURCE DATA FOUND
- Source citation: Work cat.: (NUST): Harrison, Paul 114144, Shorter Oxford Textbook of Psychiatry /, 2018.
